[Event "British Rapidplay Championship 2023"]
[Site "Mercure Bradford, Bankfield Hotel"]
[Date "2023.04.16"]
[Round "9.30"]
[White "Parr, Thomas"]
[Black "Gorrell, Elinor"]
[Result "1-0"]
[TimeControl "All moves in 15 minutes plus 10 second increment per move from move 1"]
[WhiteElo "1324"]
[BlackElo "1348"]

1. d4 {[%clk 00:15:19]} d5 {[%clk 00:15:19]} {[%emt 00:00:02]} 2. c4 {[%clk
00:15:27]} {[%emt 00:00:13]} e6 {[%clk 00:15:27]} {[%emt 00:00:02]} 3. Nf3
{[%clk 00:15:35]} {[%emt 00:00:13]} Nf6 {[%clk 00:15:35]} {[%emt 00:00:02]} 4.
g3 {[%clk 00:15:43]} {[%emt 00:00:15]} Bd6 {[%clk 00:15:24]} {[%emt 00:00:54]}
5. Bg2 {[%clk 00:15:48]} {[%emt 00:00:02]} O-O {[%clk 00:15:18]} {[%emt
00:00:11]} 6. O-O {[%clk 00:15:48]} {[%emt 00:00:04]} c5 {[%clk 00:15:12]}
{[%emt 00:00:08]} 7. cxd5 {[%clk 00:15:52]} {[%emt 00:00:03]} Nxd5 {[%clk
00:14:40]} {[%emt 00:00:27]} 8. e4 {[%clk 00:15:09]} {[%emt 00:00:21]} Nb6
{[%clk 00:14:25]} {[%emt 00:00:20]} 9. Be3 {[%clk 00:14:45]} {[%emt 00:00:33]}
cxd4 {[%clk 00:14:00]} {[%emt 00:00:36]} 10. Bxd4 {[%clk 00:14:40]} {[%emt
00:00:14]} Nc6 {[%clk 00:13:57]} {[%emt 00:00:13]} 11. Bxb6 {[%clk 00:13:21]}
{[%emt 00:01:28]} axb6 {[%clk 00:14:01]} {[%emt 00:00:07]} 12. Nc3 {[%clk
00:13:28]} {[%emt 00:00:04]} Bc5 {[%clk 00:12:26]} {[%emt 00:01:44]} 13. Qxd8
{[%clk 00:12:14]} {[%emt 00:01:23]} Rxd8 {[%clk 00:12:34]} {[%emt 00:00:03]} 14.
Rad1 {[%clk 00:12:18]} {[%emt 00:00:06]} Bd7 {[%clk 00:11:29]} {[%emt
00:01:15]} 15. Rd3 {[%clk 00:10:58]} {[%emt 00:01:30]} Nd4 {[%clk 00:10:14]}
{[%emt 00:01:25]} 16. Nxd4 {[%clk 00:10:31]} {[%emt 00:00:36]} Bxd4 {[%clk
00:10:22]} {[%emt 00:00:03]} 17. Rxd4 {[%clk 00:10:38]} {[%emt 00:00:03]} Bc6
{[%clk 00:09:38]} {[%emt 00:00:54]} 18. Rxd8+ {[%clk 00:10:38]} {[%emt
00:00:08]} Rxd8 {[%clk 00:09:46]} {[%emt 00:00:03]} 19. Rd1 {[%clk 00:10:46]}
{[%emt 00:00:03]} Ra8 {[%clk 00:09:31]} {[%emt 00:00:25]} 20. e5 {[%clk
00:10:35]} {[%emt 00:00:21]} h6 {[%clk 00:09:18]} {[%emt 00:00:23]} 21. Bxc6
{[%clk 00:10:38]} {[%emt 00:00:07]} bxc6 {[%clk 00:09:26]} {[%emt 00:00:02]} 22.
Rd6 {[%clk 00:10:44]} {[%emt 00:00:04]} Rc8 {[%clk 00:09:34]} {[%emt 00:00:02]}
23. Na4 {[%clk 00:10:34]} {[%emt 00:00:20]} b5 {[%clk 00:09:31]} {[%emt
00:00:13]} 24. Nc5 {[%clk 00:10:23]} {[%emt 00:00:21]} Kf8 {[%clk 00:08:39]}
{[%emt 00:01:01]} 25. f4 {[%clk 00:09:47]} {[%emt 00:00:47]} Ke8 {[%clk
00:06:43]} {[%emt 00:02:07]} 26. Kf2 {[%clk 00:08:57]} {[%emt 00:00:59]} Rd8
{[%clk 00:05:59]} {[%emt 00:00:55]} 27. Rxd8+ {[%clk 00:08:59]} {[%emt
00:00:08]} Kxd8 {[%clk 00:06:07]} {[%emt 00:00:01]} 28. b4 {[%clk 00:09:01]}
{[%emt 00:00:08]} Ke7 {[%clk 00:05:58]} {[%emt 00:00:19]} 29. a4 {[%clk
00:09:02]} {[%emt 00:00:09]} bxa4 {[%clk 00:05:59]} {[%emt 00:00:09]} 30. Nxa4
{[%clk 00:09:10]} {[%emt 00:00:02]} Kd7 {[%clk 00:05:59]} {[%emt 00:00:10]} 31.
Ke3 {[%clk 00:09:06]} {[%emt 00:00:14]} Kc7 {[%clk 00:05:49]} {[%emt 00:00:20]}
32. Kd4 {[%clk 00:09:14]} {[%emt 00:00:02]} Kb7 {[%clk 00:05:34]} {[%emt
00:00:25]} 33. Kc5 {[%clk 00:09:22]} {[%emt 00:00:02]} Kc7 {[%clk 00:05:36]}
{[%emt 00:00:08]} 34. Nc3 {[%clk 00:08:56]} {[%emt 00:00:36]} f6 {[%clk
00:03:09]} {[%emt 00:02:38]} 35. Ne2 {[%clk 00:08:53]} {[%emt 00:00:12]} fxe5
{[%clk 00:02:08]} {[%emt 00:01:10]} 36. fxe5 {[%clk 00:09:00]} {[%emt
00:00:04]} g5 {[%clk 00:01:26]} {[%emt 00:00:52]} 37. Nd4 {[%clk 00:09:06]}
{[%emt 00:00:04]} Kd7 {[%clk 00:01:25]} {[%emt 00:00:11]} 38. Nxc6 {[%clk
00:09:13]} {[%emt 00:00:03]} Kc8 {[%clk 00:01:00]} {[%emt 00:00:34]} 39. Kd6
{[%clk 00:09:13]} {[%emt 00:00:11]} Kb7 {[%clk 00:00:53]} {[%emt 00:00:17]} 40.
Kxe6 {[%clk 00:09:01]} {[%emt 00:00:22]} Kxc6 {[%clk 00:00:38]} {[%emt
00:00:26]} 41. Kf7 {[%clk 00:09:09]} {[%emt 00:00:02]} Kd5 {[%clk 00:00:22]}
{[%emt 00:00:26]} 42. e6 {[%clk 00:09:17]} {[%emt 00:00:02]} 1-0

[Event "British Rapidplay Championship 2023"]
[Site "Mercure Bradford, Bankfield Hotel"]
[Date "2023.04.16"]
[Round "9.31"]
[White "Hutchinson, Stephen A"]
[Black "Galloway, Peter"]
[Result "0-1"]
[TimeControl "All moves in 15 minutes plus 10 second increment per move from move 1"]
[WhiteElo "1142"]
[BlackElo "1324"]

1. d4 {[%emt 00:00:02]} d5 {[%emt 00:00:27]} 2. Nf3 {[%clk 00:15:05]} {[%emt
00:00:27]} c6 {[%clk 00:15:06]} {[%emt 00:00:34]} 3. Nc3 {[%clk 00:15:08]}
{[%emt 00:00:13]} Nf6 {[%clk 00:15:14]} 4. Bf4 {[%clk 00:15:13]} {[%emt
00:00:03]} e6 {[%clk 00:15:14]} {[%emt 00:00:08]} 5. e3 {[%clk 00:15:18]}
{[%emt 00:00:02]} Be7 {[%clk 00:15:07]} {[%emt 00:00:06]} 6. Bd3 {[%clk
00:15:22]} {[%emt 00:00:04]} Nbd7 {[%clk 00:15:02]} {[%emt 00:00:09]} 7. O-O
{[%clk 00:15:27]} {[%emt 00:00:04]} Nf8 {[%clk 00:15:04]} {[%emt 00:00:07]} 8.
h3 {[%clk 00:15:33]} Ng6 {[%clk 00:15:12]} {[%emt 00:00:02]} 9. Ne5 {[%clk
00:15:30]} {[%emt 00:00:06]} Nxf4 {[%clk 00:14:23]} {[%emt 00:00:22]} 10. exf4
{[%clk 00:15:37]} {[%emt 00:00:02]} O-O {[%clk 00:14:08]} {[%emt 00:00:26]} 11.
Qf3 {[%clk 00:15:37]} {[%emt 00:00:10]} Nd7 {[%clk 00:13:18]} {[%emt 00:01:00]}
12. Qh5 {[%clk 00:15:28]} {[%emt 00:00:18]} f5 {[%clk 00:12:46]} {[%emt
00:00:43]} 13. Ne2 {[%clk 00:15:26]} {[%emt 00:00:11]} Nxe5 {[%clk 00:12:31]}
{[%emt 00:00:26]} 14. dxe5 {[%clk 00:15:33]} {[%emt 00:00:02]} Qe8 {[%clk
00:12:07]} {[%emt 00:00:35]} 15. Ng3 {[%clk 00:15:38]} {[%emt 00:00:05]} Qxh5
{[%clk 00:11:53]} {[%emt 00:00:25]} 16. Nxh5 {[%clk 00:15:44]} {[%emt
00:00:03]} g6 {[%clk 00:11:53]} {[%emt 00:00:10]} 17. Ng3 {[%clk 00:15:50]}
{[%emt 00:00:03]} a6 {[%clk 00:11:15]} {[%emt 00:00:50]} 18. Rad1 {[%clk
00:15:27]} {[%emt 00:00:31]} b5 {[%clk 00:11:08]} {[%emt 00:00:18]} 19. a3
{[%clk 00:15:27]} {[%emt 00:00:09]} Bb7 {[%clk 00:10:49]} {[%emt 00:00:30]} 20.
b4 {[%clk 00:15:33]} {[%emt 00:00:04]} Rfd8 {[%clk 00:10:16]} {[%emt 00:00:44]}
21. Ne2 {[%clk 00:15:28]} {[%emt 00:00:14]} c5 {[%clk 00:10:06]} {[%emt
00:00:21]} 22. bxc5 {[%clk 00:15:33]} {[%emt 00:00:03]} Bxc5 {[%clk 00:10:13]}
{[%emt 00:00:04]} 23. Ra1 {[%clk 00:15:36]} {[%emt 00:00:06]} d4 {[%clk
00:08:58]} {[%emt 00:01:26]} 24. Rfd1 {[%clk 00:15:23]} {[%emt 00:00:22]} Be4
{[%clk 00:08:08]} {[%emt 00:01:02]} 25. Bxe4 {[%clk 00:15:22]} {[%emt
00:00:10]} fxe4 {[%clk 00:08:16]} {[%emt 00:00:02]} 26. Kh1 {[%clk 00:15:24]}
{[%emt 00:00:08]} d3 {[%clk 00:07:07]} {[%emt 00:01:20]} 27. cxd3 {[%clk
00:15:29]} {[%emt 00:00:04]} exd3 {[%clk 00:06:45]} {[%emt 00:00:33]} 28. Nc3
{[%clk 00:15:35]} {[%emt 00:00:03]} Bxf2 {[%clk 00:06:27]} {[%emt 00:00:28]} 29.
Ne4 {[%clk 00:15:40]} {[%emt 00:00:05]} Bd4 {[%clk 00:06:12]} {[%emt 00:00:25]}
30. Rac1 {[%clk 00:15:42]} {[%emt 00:00:04]} Bb2 {[%clk 00:06:15]} {[%emt
00:00:11]} 31. Rc7 {[%clk 00:15:45]} {[%emt 00:00:06]} Bxa3 {[%clk 00:05:15]}
{[%emt 00:01:11]} 32. Nf6+ {[%clk 00:15:49]} {[%emt 00:00:06]} Kf8 {[%clk
00:04:50]} {[%emt 00:00:35]} 33. Nxh7+ {[%clk 00:15:53]} {[%emt 00:00:05]} Ke8
{[%clk 00:04:02]} {[%emt 00:00:59]} 34. Nf6+ {[%clk 00:15:58]} {[%emt
00:00:04]} Kf8 {[%clk 00:04:10]} {[%emt 00:00:02]} 35. Nd7+ {[%clk 00:15:33]}
{[%emt 00:00:35]} Ke8 {[%clk 00:03:55]} {[%emt 00:00:25]} 36. Nb6 {[%clk
00:15:27]} {[%emt 00:00:15]} Rab8 {[%clk 00:03:29]} {[%emt 00:00:37]} 37. Rc6
{[%clk 00:15:15]} {[%emt 00:00:22]} Kf7 {[%clk 00:02:06]} {[%emt 00:01:34]} 38.
g4 {[%clk 00:15:06]} {[%emt 00:00:16]} d2 {[%clk 00:01:51]} {[%emt 00:00:27]}
39. Kg2 {[%clk 00:15:10]} {[%emt 00:00:05]} b4 {[%clk 00:01:59]} {[%emt
00:00:04]} 40. Kf3 {[%clk 00:15:15]} {[%emt 00:00:04]} b3 {[%clk 00:01:19]}
{[%emt 00:00:51]} 41. Ke4 {[%clk 00:15:19]} {[%emt 00:00:05]} a5 {[%clk
00:00:35]} {[%emt 00:00:55]} 42. f5 {[%clk 00:15:25]} {[%emt 00:00:03]} gxf5+
{[%clk 00:00:41]} {[%emt 00:00:05]} 43. gxf5 {[%clk 00:15:31]} {[%emt
00:00:03]} Bc5 {[%clk 00:00:24]} {[%emt 00:00:28]} 44. fxe6+ {[%clk 00:15:33]}
{[%emt 00:00:07]} Ke8 {[%clk 00:00:24]} {[%emt 00:00:11]} 45. Nd5 {[%clk
00:15:39]} {[%emt 00:00:03]} Be7 {[%clk 00:00:18]} {[%emt 00:00:16]} 46. Rc7
{[%clk 00:15:34]} {[%emt 00:00:10]} Rxd5 {[%clk 00:00:18]} {[%emt 00:00:15]} 47.
Kxd5 {[%clk 00:15:35]} {[%emt 00:00:08]} b2 {[%clk 00:00:28]} {[%emt 00:00:02]}
48. Rc2 {[%clk 00:15:26]} {[%emt 00:00:18]} b1=Q 49. Rxb1 {[%clk 00:15:33]}
Rxb1 {[%clk 00:00:44]} {[%emt 00:00:02]} 50. Rxd2 {[%clk 00:15:38]} {[%emt
00:00:05]} Rb5+ {[%clk 00:00:41]} {[%emt 00:00:13]} 51. Ke4 {[%clk 00:15:45]}
{[%emt 00:00:03]} Kf8 {[%clk 00:00:30]} {[%emt 00:00:21]} 52. Rh2 {[%clk
00:15:42]} {[%emt 00:00:12]} Kg7 {[%clk 00:00:32]} {[%emt 00:00:10]} 53. h4
{[%clk 00:15:48]} {[%emt 00:00:02]} Kh6 {[%clk 00:00:26]} {[%emt 00:00:17]} 54.
h5 {[%clk 00:15:56]} {[%emt 00:00:02]} Rb6 {[%clk 00:00:33]} {[%emt 00:00:03]}
55. Kf5 {[%clk 00:16:03]} {[%emt 00:00:03]} a4 {[%clk 00:00:37]} {[%emt
00:00:07]} 56. Rh3 {[%clk 00:16:08]} {[%emt 00:00:03]} Ra6 {[%clk 00:00:46]}
{[%emt 00:00:03]} 57. Kg4 {[%clk 00:16:07]} {[%emt 00:00:10]} a3 {[%clk
00:00:55]} {[%emt 00:00:02]} 58. Rh2 {[%clk 00:16:12]} {[%emt 00:00:04]} a2
{[%clk 00:01:04]} {[%emt 00:00:02]} 59. Rxa2 {[%clk 00:16:14]} {[%emt
00:00:07]} Rxa2 {[%clk 00:01:12]} {[%emt 00:00:02]} 60. Kf5 {[%clk 00:16:19]}
{[%emt 00:00:04]} Rh2 {[%clk 00:01:19]} {[%emt 00:00:03]} 61. Kg4 {[%clk
00:16:27]} {[%emt 00:00:03]} Rxh5 {[%clk 00:01:27]} {[%emt 00:00:02]} 62. Kf4
{[%clk 00:16:34]} {[%emt 00:00:03]} Kg6 {[%clk 00:01:31]} {[%emt 00:00:06]} 63.
Ke4 {[%clk 00:16:42]} {[%emt 00:00:02]} Rh4+ {[%clk 00:01:36]} {[%emt
00:00:05]} 64. Kd5 {[%clk 00:16:50]} {[%emt 00:00:02]} Kg7 {[%clk 00:01:33]}
{[%emt 00:00:13]} 65. Kc6 {[%clk 00:16:54]} {[%emt 00:00:06]} Kf8 {[%clk
00:01:42]} {[%emt 00:00:01]} 66. Kd7 {[%clk 00:16:59]} {[%emt 00:00:05]} Rd4+
{[%clk 00:01:49]} {[%emt 00:00:03]} 67. Kc6 {[%clk 00:17:03]} {[%emt 00:00:05]}
Ke8 {[%clk 00:01:58]} {[%emt 00:00:02]} 68. Kc7 {[%clk 00:17:07]} {[%emt
00:00:06]} Rd1 {[%clk 00:02:06]} {[%emt 00:00:02]} 69. Kc6 {[%clk 00:17:13]}
{[%emt 00:00:04]} Bh4 {[%clk 00:02:10]} {[%emt 00:00:06]} 70. Kc7 {[%clk
00:17:15]} {[%emt 00:00:07]} Ke7 {[%clk 00:02:19]} {[%emt 00:00:02]} 71. Kc6
{[%clk 00:17:22]} {[%emt 00:00:02]} Bg3 {[%clk 00:02:25]} {[%emt 00:00:05]} 72.
Kc5 {[%clk 00:17:27]} {[%emt 00:00:05]} Bxe5 {[%clk 00:02:32]} {[%emt
00:00:03]} 73. Kc6 {[%clk 00:17:29]} {[%emt 00:00:07]} Kxe6 {[%clk 00:02:40]}
{[%emt 00:00:03]} 74. Kc5 {[%clk 00:17:34]} {[%emt 00:00:05]} Kd7 {[%clk
00:02:41]} {[%emt 00:00:09]} 75. Kc4 {[%clk 00:17:40]} {[%emt 00:00:04]} Kd6
{[%clk 00:02:49]} {[%emt 00:00:03]} 76. Kb5 {[%clk 00:17:47]} {[%emt 00:00:02]}
Rc1 {[%clk 00:02:58]} {[%emt 00:00:02]} 77. Kb4 {[%clk 00:17:52]} {[%emt
00:00:04]} Kc6 {[%clk 00:03:02]} {[%emt 00:00:06]} 78. Kb3 {[%clk 00:17:59]}
{[%emt 00:00:03]} Kb6 {[%clk 00:02:52]} {[%emt 00:00:19]} 79. Kb4 {[%clk
00:18:01]} {[%emt 00:00:09]} Rc8 {[%clk 00:02:58]} {[%emt 00:00:05]} 80. Kb3
{[%clk 00:18:08]} {[%emt 00:00:02]} Kb5 {[%clk 00:03:01]} {[%emt 00:00:08]} 81.
Ka3 {[%clk 00:18:11]} {[%emt 00:00:06]} Rc3+ {[%clk 00:03:05]} {[%emt
00:00:06]} 82. Ka2 {[%clk 00:18:17]} {[%emt 00:00:04]} Rc2+ {[%clk 00:03:12]}
{[%emt 00:00:03]} 83. Kb1 {[%clk 00:18:24]} {[%emt 00:00:03]} Rb2+ {[%clk
00:03:20]} {[%emt 00:00:03]} 84. Kc1 {[%clk 00:18:30]} {[%emt 00:00:03]} Kc4
{[%clk 00:03:28]} {[%emt 00:00:03]} 85. Kd1 {[%clk 00:18:37]} {[%emt 00:00:02]}
Kd3 {[%clk 00:03:31]} {[%emt 00:00:07]} 86. Ke1 {[%clk 00:18:46]} {[%emt
00:00:01]} Ke3 {[%clk 00:03:38]} {[%emt 00:00:03]} 87. Kf1 {[%clk 00:18:53]}
{[%emt 00:00:03]} Kf3 {[%clk 00:03:42]} {[%emt 00:00:07]} 88. Ke1 {[%clk
00:19:01]} {[%emt 00:00:02]} Ra2 {[%clk 00:03:41]} {[%emt 00:00:10]} 89. Kd1
{[%clk 00:19:08]} {[%emt 00:00:04]} Ke3 {[%clk 00:03:43]} {[%emt 00:00:08]} 90.
Kc1 {[%clk 00:19:12]} {[%emt 00:00:06]} Rh2 {[%clk 00:03:31]} {[%emt 00:00:22]}
91. Kd1 {[%clk 00:19:20]} {[%emt 00:00:02]} Rg2 {[%clk 00:03:38]} {[%emt
00:00:04]} 92. Kc1 {[%clk 00:19:25]} {[%emt 00:00:05]} Kd3 {[%clk 00:03:44]}
{[%emt 00:00:05]} 93. Kd1 {[%clk 00:19:32]} {[%emt 00:00:01]} Rg1# {[%clk
00:03:52]} {[%emt 00:00:03]} 0-1

[Event "British Rapidplay Championship 2023"]
[Site "Mercure Bradford, Bankfield Hotel"]
[Date "2023.04.16"]
[Round "9.33"]
[White "Jones, Simon"]
[Black "Smith, Jacob"]
[Result "0-1"]
[TimeControl "All moves in 15 minutes plus 10 second increment per move from move 1"]
[WhiteElo "1336"]
[BlackElo "1513"]

1. c4 {[%clk 00:15:11]} {[%emt 00:00:03]} Nf6 {[%clk 00:15:19]} {[%emt
00:00:30]} 2. Nc3 {[%clk 00:15:16]} {[%emt 00:00:24]} g6 {[%clk 00:15:27]} 3.
g3 {[%clk 00:15:01]} {[%emt 00:00:48]} Bg7 {[%clk 00:15:35]} {[%emt 00:00:01]}
4. Bg2 {[%clk 00:15:01]} {[%emt 00:00:09]} d6 {[%clk 00:15:40]} {[%emt
00:00:03]} 5. e3 {[%clk 00:14:28]} {[%emt 00:00:22]} e5 {[%clk 00:15:09]}
{[%emt 00:00:25]} 6. Nge2 {[%clk 00:14:23]} {[%emt 00:00:08]} O-O {[%clk
00:14:41]} {[%emt 00:00:13]} 7. O-O {[%clk 00:14:25]} {[%emt 00:00:07]} Nc6
{[%clk 00:14:46]} {[%emt 00:00:06]} 8. b3 {[%clk 00:13:52]} {[%emt 00:00:43]}
a6 {[%clk 00:14:33]} {[%emt 00:00:23]} 9. Bb2 {[%clk 00:13:51]} {[%emt
00:00:11]} Re8 {[%clk 00:13:21]} {[%emt 00:01:23]} 10. d3 {[%clk 00:13:43]}
{[%emt 00:00:17]} Bf5 {[%clk 00:12:08]} {[%emt 00:01:23]} 11. e4 {[%clk
00:13:02]} {[%emt 00:00:51]} Bg4 {[%clk 00:12:15]} {[%emt 00:00:04]} 12. h3
{[%clk 00:12:57]} {[%emt 00:00:14]} Bc8 {[%clk 00:12:18]} {[%emt 00:00:08]} 13.
a3 {[%clk 00:12:45]} {[%emt 00:00:22]} Ne7 {[%clk 00:11:13]} {[%emt 00:01:14]}
14. Qc2 {[%clk 00:12:35]} {[%emt 00:00:19]} c5 {[%clk 00:10:16]} {[%emt
00:01:08]} 15. b4 {[%clk 00:11:27]} {[%emt 00:01:19]} b6 {[%clk 00:10:21]}
{[%emt 00:00:05]} 16. b5 {[%clk 00:09:18]} {[%emt 00:02:18]} a5 {[%clk
00:10:29]} {[%emt 00:00:02]} 17. a4 {[%clk 00:09:12]} {[%emt 00:00:16]} Nh5
{[%clk 00:09:47]} {[%emt 00:00:52]} 18. f4 {[%clk 00:08:50]} {[%emt 00:00:32]}
exf4 {[%clk 00:09:40]} {[%emt 00:00:17]} 19. gxf4 {[%clk 00:07:30]} {[%emt
00:01:30]} f5 {[%clk 00:09:29]} {[%emt 00:00:22]} 20. e5 {[%clk 00:07:03]}
{[%emt 00:00:36]} Ra7 {[%clk 00:09:14]} {[%emt 00:00:26]} 21. exd6 {[%clk
00:06:20]} {[%emt 00:00:52]} Qxd6 {[%clk 00:09:19]} {[%emt 00:00:05]} 22. Nd5
{[%clk 00:06:15]} {[%emt 00:00:15]} Bxb2 {[%clk 00:09:06]} {[%emt 00:00:24]} 23.
Qxb2 {[%clk 00:06:15]} {[%emt 00:00:10]} Nxd5 {[%clk 00:09:12]} {[%emt
00:00:04]} 24. Bxd5+ {[%clk 00:06:21]} {[%emt 00:00:03]} Be6 {[%clk 00:09:21]}
{[%emt 00:00:01]} 25. Qe5 {[%clk 00:05:59]} {[%emt 00:00:33]} Qxe5 {[%clk
00:09:25]} {[%emt 00:00:06]} 26. fxe5 {[%emt 00:00:05]} Bxd5 {[%emt 00:00:02]}
27. cxd5 {[%clk 00:05:58]} {[%emt 00:00:03]} Rxe5 {[%clk 00:09:32]} {[%emt
00:00:03]} 28. Nc3 {[%clk 00:05:55]} {[%emt 00:00:13]} Rd7 {[%clk 00:09:12]}
{[%emt 00:00:30]} 29. Rae1 {[%clk 00:05:22]} {[%emt 00:00:44]} Rxe1 {[%clk
00:08:42]} {[%emt 00:00:40]} 30. Rxe1 {[%clk 00:05:30]} {[%emt 00:00:01]} Rd6
{[%clk 00:08:50]} {[%emt 00:00:02]} 31. Re6 {[%clk 00:05:24]} {[%emt 00:00:16]}
Rxe6 {[%clk 00:08:59]} {[%emt 00:00:01]} 32. dxe6 {[%clk 00:05:33]} {[%emt
00:00:02]} Nf4 {[%clk 00:08:28]} {[%emt 00:00:40]} 33. e7 {[%clk 00:05:14]}
{[%emt 00:00:29]} Kf7 {[%clk 00:08:37]} 34. Kh2 {[%clk 00:04:36]} {[%emt
00:00:48]} Kxe7 {[%clk 00:08:46]} {[%emt 00:00:02]} 35. Kg3 {[%clk 00:04:39]}
{[%emt 00:00:06]} Nh5+ {[%clk 00:07:41]} {[%emt 00:01:15]} 36. Kf3 {[%clk
00:04:34]} {[%emt 00:00:15]} Nf6 {[%clk 00:07:49]} {[%emt 00:00:02]} 37. Kf4
{[%clk 00:04:35]} {[%emt 00:00:09]} Ke6 {[%clk 00:07:46]} {[%emt 00:00:13]} 38.
Kg5 {[%clk 00:04:32]} {[%emt 00:00:13]} Nd5 {[%clk 00:06:34]} {[%emt 00:01:23]}
39. Ne2 {[%clk 00:03:01]} {[%emt 00:01:40]} f4 {[%clk 00:04:08]} {[%emt
00:02:37]} 40. Nxf4+ {[%clk 00:02:48]} {[%emt 00:00:22]} Nxf4 {[%clk 00:04:17]}
41. Kxf4 {[%clk 00:02:57]} {[%emt 00:00:01]} Kd5 {[%clk 00:04:26]} {[%emt
00:00:02]} 42. Ke3 {[%clk 00:02:52]} {[%emt 00:00:15]} g5 {[%clk 00:04:34]}
{[%emt 00:00:01]} 43. Kf3 {[%clk 00:02:02]} {[%emt 00:01:00]} h5 {[%clk
00:04:42]} {[%emt 00:00:02]} 44. Ke3 {[%clk 00:01:59]} {[%emt 00:00:13]} g4
{[%clk 00:04:45]} {[%emt 00:00:08]} 45. hxg4 {[%clk 00:01:38]} {[%emt
00:00:31]} hxg4 {[%clk 00:04:53]} {[%emt 00:00:01]} 46. Kf4 {[%clk 00:01:43]}
{[%emt 00:00:04]} Kd4 {[%clk 00:05:02]} {[%emt 00:00:02]} 47. Kxg4 {[%clk
00:01:50]} {[%emt 00:00:01]} Kxd3 {[%clk 00:05:11]} {[%emt 00:00:04]} 48. Kf4
{[%clk 00:01:52]} {[%emt 00:00:07]} c4 {[%clk 00:05:20]} {[%emt 00:00:02]} 0-1